LEADER 02778nam a2200337 i 4500 001 000000250474 003 CaOOAMICUS 005 20210503093243.0 008 160805s1722 it a u000 u lat u 013 $a229379 026 $amii, **** coI. [Dpe (3) 1722 (R) - [**= dittongo, caratteri greci] 040 $aSeMil$bita 100 1 $aUssher, James,$d<1581-1656>.$0(OLS)http://semarc/name/14248 245 10$aAnnales Veteris et Novi Testamenti, a prima mundi origine deducti. Una cum rerum Asiaticarum et Aegyptiacarum chronico, a temporis historici principio usque ad extremum templi et reipublicae. Judaicae excidium producto. Jacobo Usserio, Archiep. Armachano et Hiberniae Primate; digestore. Accedunt tria ejusdem opuscola, 1. De chronologia Veteris Testamenti. 2. De Macedonum et Asianorum anno solari. 3. De symbolis. Quibus omnibus pręfixa est Jacobi Usserii vita, ą Th. Smitho S.T.D. conscripta. 250 $aEditio nova, in qua annales nunc primłm manu auctoris emendatiores & auctiores prodeunt: uną cum indicibus rerum & locorum; quibus addita est annorum mundi cum annis olympiadum & urbis conditae collatio. 264 1$aGenevae :$bApud Gabrielem De Tournes et Filios,$c1722. 300 $a[16], LXVIII, 652, [100], 124, 19, [1] p., [1] carta di tav. :$britr. ;$cfol. 500 $aSegn.: ¶4 2*4 ?-5?6 6?4 A-2M4 2N6 2O-4M4 a-l4 m6 2A6 B-I4 K6 L-N4 O6 (A)10 500 $aRitr. calcogr. sul front. incisi da Johann Georg Seiller. - Iniz., testatine xilogr. 500 $aFront. stampato in rosso e nero. - Front. e testo in cornice a doppio filetto 500 $a[Continua] Annales Veteris et Novi Testamenti ... 700 1 $aSeiller, Johann Georg .$0(OLS)http://semarc/name/38350 700 1 $aTournes, Gabriel : de,$c.$0(OLS)http://semarc/name/83361 780 00$tAnnales Veteris et Novi Testamenti ...$w()112335 850 $aSeMil 852 $aSeMil$W1$xVenegono$y1$m3E VIII 20 FA$j200820$B200820$CSeMilBibl$Z2$F212543 $8I 961 $aRecupero: Mantegazza 961 $aLegato in 2 tomi (continua in 3E-VIII-21 FA) 996 $6245$aAnnales Veteris et Novi Testamenti, a prima mundi origine deducti. Una cum rerum Asiaticarum et Aegyptiacarum chronico, a temporis historici principio usque ad extremum templi et reipublicae. Judaicae excidium producto. Jacobo Usserio, Archiep. Armachano et Hiberniae Primate; digestore. Accedunt tria ejusdem opuscola, 1. De chronologia Veteris Testamenti. 2. De Macedonum et Asianorum anno solari. 3. De symbolis. Quibus omnibus pręfixa est Jacobi Usserii vita, ą Th. Smitho S.T.D. conscripta$9(OLS)http://semarc/title/352690 996 $6264$aGenevae :$bApud Gabrielem De Tournes et Filios$9(OLS)http://semarc/publisher/55380 LEADER 00876nam a2200193 i 4500 001 000000218463 003 CaOOAMICUS 005 20130205000000.0 008 130205s1740 it u000 u ita u 013 $a197360 026 $ao-a- iaa- l.c. stdi (3) 1740 (R) 040 $aSeMil$bita 245 10$aTomo 4. 300 $a[8], 148 p. 500 $aSegn.: a4 A-H8 I10. 773 0 $aBenedictus XIV $tRaccolta di alcune notificazioni, editti, ed istruzioni dell'eminentissimo, ... Prospero Lambertini .. ora sommo Pontefice Benedetto 14. Opera utilissima a tutti gli ecclesiastici. Tomo 1. [5.] compilato dal sacerdote Giambattista Scarselli.$dIn Venezia : Appresso Francesco Pitteri, 1740.$g4$w()27973 850 $aSeMil 852 $aSeMil$W1$xVenegono$y1$m2H V 69 FA$j168873$B168873$CSeMilBibl$Z2$F179720 $8I 996 $6245$aTomo 4$9(OLS)http://semarc/title/136909 LEADER 01034nam a2200217 i 4500 001 000000189750 003 CaOOAMICUS 005 20100518000000.0 008 100518s1983 it u000 u ita u 013 $a168031 040 $aSeMil$bita 100 1 $aVanni, Ugo .$0(OLS)http://semarc/name/90315 245 10$aFaccia il Redentore che siamo sue vere seguaci /$cUgo Vanni ... [et al.] ; a cura Suore di caritą delle sante Capitanio e Gerosa. 260 $a[S.l. :$bs.n.],$cstampa 1983$e([S.l.] :$fArti Grafiche De Carli,$gstampa 1983) 300 $a134 p. ;$c19 cm. 650 4$aSuore di Maria Bambina.$0(OLS)http://semarc/subject/1399 710 0 $aSuore di Caritą delle ss. Bartolomea Capitanio e Vincenza Gerosa .$0(OLS)http://semarc/name/44091 850 $aSeMil 852 $aSeMil$W1$xVenegono$y1$m3H II 287$j140381$B140381$CSeMilBibl$Z2$F151991 $81 996 $6245$aFaccia il Redentore che siamo sue vere seguaci$9(OLS)http://semarc/title/273239 996 $6260$a[S.l. :$bs.n.]$9(OLS)http://semarc/publisher/29751